| 000 | 01034cam a22002771i 4500 | ||
|---|---|---|---|
| 001 | 9389727 | ||
| 003 | EG-ScBUE | ||
| 005 | 20250518091248.0 | ||
| 008 | 730115s1964 nyua f 000 0 eng d | ||
| 035 | _a(OCoLC)537107 | ||
| 040 |
_aEG-ScBUE _beng _erda _cEG-ScBUE _dEG-ScBUE |
||
| 082 | 0 | 4 |
_a531 _222 _bNEW |
| 100 | 1 |
_aNewton, Isaac, _cSir, _d1642-1727, _96504 _eauthor. |
|
| 245 | 1 | 4 |
_aThe mathematical principles of natural philosophy / _cIsaac Newtown ; introduction by Alfred del Vecchio, professor of mechanical engineering, Manhattan College. |
| 264 | 1 |
_aNew York : _bThe Citadel Press, _c1964. |
|
| 300 |
_a447 pages : _billustrations ; _c22 cm. |
||
| 336 |
_2rdacontent _atext _btxt |
||
| 337 |
_aunmediated _2rdamedia _bn |
||
| 338 |
_avolume _bnc _2rdacarrier |
||
| 490 | 0 | _aThe science classics library | |
| 650 | 7 |
_aMechanics _vEarly works to 1800. _96506 _2BUEsh |
|
| 650 | 7 |
_aCelestial mechanics. _96507 _2BUEsh |
|
| 655 | _vReading book | ||
| 700 | 1 |
_aVecchio, Alfred del, _eauthor of introduction, etc. |
|
| 942 |
_2ddc _cBB |
||
| 999 |
_c11910 _d11910 |
||